| 000 | 00592nam a2200205Ia 4500 | ||
|---|---|---|---|
| 005 | 20250508164458.0 | ||
| 008 | 008 250505s9999 xx 000 0 eng d | ||
| 020 | _a81-85107-22-X | ||
| 037 | _aTextual | ||
| 040 |
_aFEDL _beng _cFEDL |
||
| 041 |
_aeng _2eng |
||
| 084 |
_a306.2, HAR _qFEDL |
||
| 100 | _aHardgrave Robert L | ||
| 245 | 0 | _aEssays in the political sociology of south India | |
| 260 |
_aNew Delhi, India _bManohar Publishers and Distributors _c1993 |
||
| 300 | _axvi,262p. | ||
| 365 |
_aINR _b250 |
||
| 942 |
_cTEXL _h306.2, HAR |
||
| 999 |
_c1389335 _d1389335 |
||